000 00650nam a2200181 4500
001 111816
003 ES-MaACL
005 20230906185351.0
007 t|
008 061121s1943 sp r ||||1| spa d
100 1 _aOriol, José María.
_987260
245 1 1 _a¡Yambo !
_b: safarí en las selvas de Tanganyka /
_cJosé María Oriol.
260 _aBarcelona :
_bIndustrias Gráficas Seix y Barral Hermanos,
_c1943.
300 _a159 p., 40 lám. ;
_c25 cm.
500 _aEs un extracto del diario de una excursión cinegética a Tanganika por José María Blanc.
700 1 _aBlanc, José María.
_929111
852 _aES-MaACL
_jF-16240
_bR.21290
999 _c111816
_d111816